[Event "74th Tata Steel GMC"]
[Site "Wijk aan Zee NED"]
[Date "2012.01.14"]
[Round "1"]
[White "Goudriaan, Etienne"]
[Black "Schut, Lisa"]
[Result "1-0"]
[WhiteTitle "FM"]
[BlackTitle "WIM"]
[WhiteElo "2279"]
[BlackElo "2290"]
[WhiteFideId "1021150"]
[BlackFideId "1019481"]
[EventDate "2012.01.14"]

1. e4 c5 2. Ne2 d6 3. g3 g6 4. Bg2 Bg7 5. c3 e6 6. d4 Ne7 7. dxc5 dxc5 8. Qxd8+
Kxd8 9. Na3 Nbc6 10. Nb5 Ne5 11. O-O Bd7 12. Rd1 Nc8 13. f4 a6 14. Na3 Nc6 15.
Be3 b6 16. e5 Kc7 17. b4 cxb4 18. cxb4 Bf8 19. b5 Be8 20. Rd3 axb5 21. Nxb5+ Kb7
22. Nec3 Na7 23. Rb1 Nxb5 24. Nxb5 Rxa2 25. Nd6+ Bxd6 26. exd6 1-0